Les debuts de l'astronomie, de la geographie et de la trigonometrie chez les grecs / (Record no. 5990)

MARC details
000 -LEADER
campo de control de longitud fija 01022nam a2200313 i 4500
001 - NÚMERO DE CONTROL
campo de control 5990
003 - IDENTIFICADOR DE NÚMERO DE CONTROL
campo de control ES-MaACL
005 - FECHA Y HORA DE LA ÚLTIMA TRANSACCIÓN
campo de control 20250811094659.0
007 - CAMPO FIJO DE DESCRIPCIÓN FÍSICA--INFORMACIÓN GENERAL
campo de control de longitud fija t|
008 - DATOS DE LONGITUD FIJA--INFORMACIÓN GENERAL
campo de control de longitud fija 890620s1986 fr |||| | fre d
020 ## - NÚMERO INTERNACIONAL ESTÁNDAR DEL LIBRO
Número Internacional Estándar del Libro 2-7116-0911-1
080 ## - NÚMERO DE LA CLASIFICACIÓN DECIMAL UNIVERSAL
Número de la Clasificación Decimal Universal 51(38)(09)
080 ## - NÚMERO DE LA CLASIFICACIÓN DECIMAL UNIVERSAL
Número de la Clasificación Decimal Universal 52(38)
080 ## - NÚMERO DE LA CLASIFICACIÓN DECIMAL UNIVERSAL
Número de la Clasificación Decimal Universal 91.01(38)
100 1# - ENTRADA PRINCIPAL--NOMBRE DE PERSONA
Nombre de persona Szabo, Arpad.
9 (RLIN) 187541
245 14 - MENCIÓN DEL TÍTULO
Título Les debuts de l'astronomie, de la geographie et de la trigonometrie chez les grecs /
Mención de responsabilidad, etc. A. Szabo, E. Maula ; traduit de l'allemand par Michel Federspiel.
260 ## - PUBLICACIÓN, DISTRIBUCIÓN, ETC.
Lugar de publicación, distribución, etc. Paris :
Nombre del editor, distribuidor, etc. Vrin,
Fecha de publicación, distribución, etc. 1986.
300 ## - DESCRIPCIÓN FÍSICA
Extensión 238 p. ;
Dimensiones 22 cm.
490 1# - MENCIÓN DE SERIE
Mención de serie L'histoire des sciences. Textes et etudes
500 ## - NOTA GENERAL
Nota general Índices.
650 #7 - PUNTO DE ACCESO ADICIONAL DE MATERIA--TÉRMINO DE MATERIA
Término de materia o nombre geográfico como elemento de entrada Astronomía griega
Fuente del encabezamiento o término embne
9 (RLIN) 10392
650 #4 - PUNTO DE ACCESO ADICIONAL DE MATERIA--TÉRMINO DE MATERIA
Término de materia o nombre geográfico como elemento de entrada Geografía-
Subdivisión geográfica Grecia.
9 (RLIN) 167630
650 #7 - PUNTO DE ACCESO ADICIONAL DE MATERIA--TÉRMINO DE MATERIA
Término de materia o nombre geográfico como elemento de entrada Trigonometría
Fuente del encabezamiento o término embne
9 (RLIN) 17647
700 1# - ENTRADA AGREGADA--NOMBRE PERSONAL
Nombre de persona Maula, Erkka.
9 (RLIN) 79195
700 1# - ENTRADA AGREGADA--NOMBRE PERSONAL
Nombre de persona Federspiel, Michel.
9 (RLIN) 49073
830 0# - PUNTO DE ACCESO ADICIONAL DE SERIE-TÍTULO UNIFORME
Título uniforme L'histoire des sciences. Textes et etudes
9 (RLIN) 177448
852 ## - LOCALIZACIÓN
Ubicación ES-MaACL
Número de control de estantería L-13068
Holdings
Estatus retirado Estado de pérdida Estado de daño No para préstamo Biblioteca de origen Biblioteca actual Ubicación en estantería Fecha de adquisición Fuente de adquisición Total de préstamos Signatura topográfica completa Código de barras Visto por última vez Precio de reemplazo Tipo de ítem Koha
        Biblioteca del Ateneo de Madrid Biblioteca del Ateneo de Madrid Depósito 2 17/01/2008     L-13068 1006088 23/02/2023 23/02/2023 Libro impreso